000 00927am a2200325a 44500
003 AR-BaBNM
005 20251128205449.0
008 277119s1993 #AR|||||||||||000 | spa||
020 _a84-7827-091-4
040 _cAR-BaBNM
100 1 _aGiménez, Joaquim
245 1 0 _aCálculo en la escuela
_breflexiones y propuestas para la enseñanza primaria
250 _a1ª ed.
260 _aBarcelona
_bGraó
_c1993
300 _a159 p.
_btablas, diagr.
490 0 _aEl lápiz
504 _aBibliografía: p. 149-158
650 4 _aENSEÑANZA DE LAS MATEMATICAS
650 4 _aCALCULO
650 4 _aCONCEPTOS ARITMETICOS
650 4 _aCONCEPTOS MATEMATICOS
650 4 _aCONCEPTOS NUMERICOS
650 4 _aMETODOS DE ENSEÑANZA
653 _aOPERACIONES MATEMATICAS
653 _aEDUCACION PRIMARIA
653 _aPROCESO DE ENSEÑANZA-APRENDIZAJE
700 1 _aGirondo, Luisa
942 _cBK
998 _cSILVI
999 _c11504
_d11504